Játékosítás (gamifikáció) a középiskolai "Cukrászati ismeretek" elméleti oktatásában

Bibliographic Details
Main Author: Szőke Tünde Mónika
Other Authors: Karakasné Morvay Dr. Klára
Format: Thesis
Kulcsszavak:Gamifikáció
Cukrászati ismeretek
Társasjáték
Online Access:http://dolgozattar.uni-bge.hu/15980

MARC

LEADER 00000nta a2200000 i 4500
001 dolg15980
005 20181112163154.0
008 180514suuuu hu om 000 hun d
040 |a BGE Dolgozattár Repozitórium  |b hun 
041 |a hu 
100 1 |a Szőke Tünde Mónika 
245 1 0 |a Játékosítás (gamifikáció) a középiskolai "Cukrászati ismeretek" elméleti oktatásában  |c Szőke Tünde Mónika  |h [elektronikus dokumentum] 
246 1 1 |a Játékosítás (gamifikáció) a középiskolai "Cukrászati ismeretek" elméleti oktatásában 
520 3 |a A szakdolgozatomban a gamifikáció lehetőségeit vizsgálom a cukrászat elméleti oktatásában. Egy oktató játékot fejlesztettem ki, és ezt a középiskolában egy kísérlet formájában teszteltem. Kérdőíves megkérdezéssel támasztottam alá a kutatásomat. 
695 |a Gamifikáció 
695 |a Cukrászati ismeretek 
695 |a Társasjáték 
700 1 |a Karakasné Morvay Dr. Klára  |e ths 
856 4 0 |u http://dolgozattar.uni-bge.hu/15980/1/Sz%C5%91ke%20T%C3%BCnde%20M%C3%B3nika%202018%20Szakdolgozat%20K%C3%B6zg.tan%C3%A1r%20MA%2C%20HSS8T2.PDF  |z Dokumentum-elérés